|
|
|
|
| LEADER |
01398nam a2200361 4500 |
| 001 |
ocm63020251 |
| 003 |
OCoLC |
| 005 |
20180501121908.0 |
| 006 |
m o d |
| 007 |
cr cnu---uuuuu |
| 008 |
050422s2004 ne o 000 0 eng d |
| 040 |
|
|
|a YUM
|b eng
|e pn
|c YUM
|d BAKER
|d OCLCQ
|d OPELS
|d OCLCF
|d ZMC
|d OCLCQ
|d DEBBG
|d GrThAP
|
| 020 |
|
|
|a 9780444506450
|q (electronic bk.)
|
| 020 |
|
|
|a 0444506454
|q (electronic bk.)
|
| 035 |
|
|
|a (OCoLC)63020251
|
| 050 |
|
4 |
|a QH603.I54
|
| 082 |
0 |
4 |
|a 571.64
|2 21
|
| 049 |
|
|
|a TEFA
|
| 245 |
0 |
0 |
|a Molecular insights into ion channel biology in health and disease /
|c volume editor, Robert A. Maue.
|
| 260 |
|
|
|a Amsterdam ;
|a Oxford :
|b Elsevier Science,
|c 2004.
|
| 300 |
|
|
|a 1 online resource.
|
| 336 |
|
|
|a text
|b txt
|2 rdacontent
|
| 337 |
|
|
|a computer
|b c
|2 rdamedia
|
| 338 |
|
|
|a online resource
|b cr
|2 rdacarrier
|
| 490 |
1 |
|
|a Advances in molecular and cell biology ;
|v v. 32
|
| 550 |
|
|
|a Made available through: Science Direct.
|
| 650 |
|
0 |
|a Ion channels.
|
| 650 |
|
7 |
|a Ion channels.
|2 fast
|0 (OCoLC)fst00978573
|
| 655 |
|
4 |
|a Electronic books.
|
| 700 |
1 |
|
|a Maue, Robert A.
|
| 776 |
0 |
8 |
|i Print version:
|t Molecular insights into ion channel biology in health and disease (print)
|w (OCoLC)59317487
|
| 830 |
|
0 |
|a Advances in molecular and cell biology ;
|v v. 32.
|
| 856 |
4 |
0 |
|u https://www.sciencedirect.com/science/bookseries/15692558/32
|z Full Text via HEAL-Link
|